Najlepsi strzelcy w historii reprezentacji Francji - Statystyki

Ogólne statystyki
  • Ten quiz został rozwiązany 232 razy
    151 od ostatniego zresetowania
  • Średni wynik to 7 z 11
Statystyki odpowiedzi
Liczba goli Odpowiedź % Poprawnych
46 Kylian Mbappe
95%
51 Thierry Henry
92%
56 Olivier Giroud
86%
31 Zinedine Zidane
76%
44 Antoine Griezmann
70%
37 Karim Benzema
66%
41 Michael Platini
60%
34 David Trezeguet
58%
30 Jean-Pierre Papin
32%
30 Justin Fotaine
20%
28 Youri Djorkaeff
5%
Nie znaleziono quizów pasujących do podanych kryteriów
Rozkład punktacji
Procent ludzi z każdym wynikiem
Percentyl według liczby udzielonych odpowiedzi
Twoja historia wyników
Nie rozwiązałeś tego quizu od ostatniego zresetowania